Hollinshead's Textbook of Anatomy (Record no. 49)

MARC details
000 -LEADER
fixed length control field 00611nam a22002297a 4500
003 - CONTROL NUMBER IDENTIFIER
control field OSt
005 - DATE AND TIME OF LATEST TRANSACTION
control field 20140630175246.0
008 - FIXED-LENGTH DATA ELEMENTS--GENERAL INFORMATION
fixed length control field 140630b xxu||||| |||| 00| 0 eng d
020 ## - INTERNATIONAL STANDARD BOOK NUMBER
International Standard Book Number 0397512562
040 ## - CATALOGING SOURCE
Transcribing agency DNLM
082 ## - DEWEY DECIMAL CLASSIFICATION NUMBER
Classification number QS4 R716h 1997
Item number c
100 ## - MAIN ENTRY--PERSONAL NAME
Relator code Rosse Cornelius
245 ## - TITLE STATEMENT
Title Hollinshead's Textbook of Anatomy
250 ## - EDITION STATEMENT
Edition statement 5th ed.
260 ## - PUBLICATION, DISTRIBUTION, ETC. (IMPRINT)
Place of publication, distribution, etc. New York
Name of publisher, distributor, etc. Lippincott
Date of publication, distribution, etc. 1997
300 ## - PHYSICAL DESCRIPTION
Extent xii,902
Other physical details col.Ill
Dimensions 28.5cm
504 ## - BIBLIOGRAPHY, ETC. NOTE
Bibliography, etc References, glossary, index included
600 ## - SUBJECT ADDED ENTRY--PERSONAL NAME
Personal name Gaddum-Rosse, Penelope
9 (RLIN) 158
650 ## - SUBJECT ADDED ENTRY--TOPICAL TERM
Source of heading or term Anatomy
700 ## - ADDED ENTRY--PERSONAL NAME
Personal name Gaddum-Rosse, Penelope
9 (RLIN) 159
942 ## - ADDED ENTRY ELEMENTS (KOHA)
Source of classification or shelving scheme Other/Generic Classification Scheme
Koha item type Open Shelf
Holdings
Withdrawn status Lost status Source of classification or shelving scheme Damaged status Not for loan Home library Current library Date acquired Inventory number Total Checkouts Full call number Barcode Date last seen Price effective from Koha item type Source of acquisition
    Other/Generic Classification Scheme     MUST Main Library MUST Main Library 30/06/2014 07/29288   QS4 R716h 1997 c 2014-0061 30/06/2014 30/06/2014 Open Shelf  
    Other/Generic Classification Scheme     MUST Main Library MUST Main Library 23/05/2016 07/29288   QS4 R716h 1997 c 2016-2073 23/05/2016 23/05/2016 Open Shelf